Vista normal
Vista MARC
Entrada Materia (personas)
Número de registros utilizados en: 1
001 - CONTROL NUMBER
- control field: 62793
003 - CONTROL NUMBER IDENTIFIER
- control field: Co-BoUCM
005 - DATE AND TIME OF LATEST TRANSACTION
- control field: 20140710113647.0
008 - FIXED-LENGTH DATA ELEMENTS
- fixed length control field: 140710|| aca||aabn | a|a d
040 ## - CATALOGING SOURCE
- Original cataloging agency: Co-BoUCM
- Transcribing agency: Co-BoUCM
100 ## - HEADING--PERSONAL NAME
- Personal name: Laschi, R.
- Fuller form of name: (Rodolfo)
670 ## - SOURCE DATA FOUND
- Source citation: Work cat.: (Co-BoUCM): Lombroso, C. 62792, Le crime politique et les révolutions par rapport au Droit, à l’anthropologie criminelle et à la science du gouvernement, 1892